Indovina il personaggio di Big Bang Theory - Statistics

Statistiche generali
  • Questo quiz è stato fatto 192 volte
  • Il punteggio medio è 11 su 16
Statistiche sulle risposte
con Immagini Risposta % Corretto
Penny
99%
Sheldon
99%
Rajesh
97%
Leonard
95%
Amy
93%
Howard
91%
Bernadette
89%
Stuart
73%
Stephen Hawking
68%
Wil
65%
Cannella
58%
Emily
50%
Zack
44%
Leslie
40%
Bert
36%
Barry
34%
Nessun quiz corrispondente trovato
Distribuzione punteggi
Percentuale di utenti per punteggio
Percentile per numero di risposta
I tuoi punteggi nel tempo
Non hai fatto questo quiz